Most Searched Countries On Wikipedia - Statistics

General Stats
  • This quiz has been taken 52 times
  • The average score is 25 of 31
Answer Stats
Answer Searches (In Million) % Correct
China 79
100%
UK 114
100%
Brazil 57
98%
USA 204
98%
Italy 53
96%
Australia 87
93%
France 71
93%
Japan 78
93%
Russia 74
93%
Canada 92
91%
Germany 78
91%
Mexico 50
91%
India 128
89%
Spain 52
84%
Iran 42
80%
Egypt 43
78%
New Zealand 53
78%
South Africa 49
78%
Sweden 44
78%
Turkey 49
73%
Indonesia 48
71%
Ireland 40
71%
Netherlands 54
69%
North Korea 47
67%
Norway 41
67%
Israel 62
60%
Switzerland 47
60%
Iceland 40
58%
Singapore 63
56%
Pakistan 53
49%
Philippines 55
49%
No matching quizzes found
Score Distribution
Percent of People with Each Score
Percentile by Number Answered
Your Score History
You have not taken this quiz